000 00504cam a22001337a 4500
008 180718b1993 xxu||||| |||| 00| 0 eng d
082 _aB1 So13
100 _aVidyasagar, N.E.C.
245 _aPeasant and labour migration to an irrigated village in Karnataka
260 _aNew Delhi
_bOrient Longman
_c1993
300 _ap.123-136
500 _a[In] Sociology of development and change, edited by Chandrasekhar Bhat, Laxmi Narayan Kadekar and K. Ranga Rao
650 _aLabour migration - India - Karnataka
999 _c364978
_d364978